Adivina marcas Argentinas #4 - Estadísticas

Estadísticas generales
  • Esta prueba ha sido intentada 57 veces
  • La puntuación promedio es 15 de 24
Estadísticas de respuestas
Imagen Respuesta % Correcto
Chango Más
96%
La Salteña
96%
Subte
94%
Santa Fe
90%
Krachitos
86%
Trenes Argentinos
86%
Milkaut
84%
Modo
84%
Plusmar
82%
Termidor
78%
Swift
76%
Telekino
75%
Fantoche
57%
Trio
51%
Salta Cautiva
49%
Durax
45%
La Nueva Seguros
45%
Vorterix
45%
Pumper Nic
41%
General Urquiza
39%
Gloria
35%
Mauro Sergio
16%
Torasso
14%
Estancia San Francisco
10%
No se encontraron pruebas coincidentes
Distribución de puntuación
Porcentaje de gente con cada puntuación
Porcentaje por número respondido
Historial de tus puntuaciones
No has intentado esta prueba.